| 000 | 00733nam a2200217 u 4500 | ||
|---|---|---|---|
| 001 | 000517753 | ||
| 003 | AM-YeHGA | ||
| 005 | 20250617135042.0 | ||
| 008 | 070124s1976 ||| r 000 0 rus d | ||
| 040 | _aAM-YeHGA | ||
| 041 | 1 |
_arus _hlav |
|
| 100 | 1 | _aЭлксне, Ария | |
| 245 | 1 | 0 |
_aЖенщина / _cАрия Элксне; Пер. с латыш. Л. Романенко. |
| 260 |
_aРига : _bЛиесма, _c1976. |
||
| 300 | _a110 с. | ||
| 500 | _aВ вып. дан.: Ария Элксне (Ария Яновна Фишере) | ||
| 650 | 1 | 4 | _aЛатышская литература |
| 653 | 0 | _aЛатышская поэзия | |
| 700 | 1 |
_aРоманенко, Лариса _eпер. _4trl |
|
| 090 | _c194273 | ||
| 999 |
_c192802 _d192802 |
||